00395nam a22001217a 4500020001600000082001000016100002000026245008700046260003600133300002700169650005600196700002100252 qHard Cover. a624.1 aIftikhar, Bilal aEffects of Indian Structural Interventions on River Indus Flows /cBilal Iftikhar. aIslamabad:bSCEE - NUST,c2010. a61 p. :bill. ;c30cm. aWater Resource Engineering and Management MS-Thesis aDr. Hamza Farooq